Programa de química general / (Record no. 22400)

MARC details
000 -LEADER
campo de control de longitud fija 00663nam a2200169 i 4500
001 - NÚMERO DE CONTROL
campo de control 22400
003 - IDENTIFICADOR DE NÚMERO DE CONTROL
campo de control ES-MaACL
005 - FECHA Y HORA DE LA ÚLTIMA TRANSACCIÓN
campo de control 20230906152705.0
007 - CAMPO FIJO DE DESCRIPCIÓN FÍSICA--INFORMACIÓN GENERAL
campo de control de longitud fija t|
008 - DATOS DE LONGITUD FIJA--INFORMACIÓN GENERAL
campo de control de longitud fija 021202s1882 sp ||||1| spa d
100 1# - ENTRADA PRINCIPAL--NOMBRE DE PERSONA
Nombre de persona Alonso y Fernández, José.
9 (RLIN) 20426
245 10 - MENCIÓN DEL TÍTULO
Título Programa de química general /
Mención de responsabilidad, etc. por el catedrático de la misma en la Universidad de Granada [José Alonso y Fernández].
260 ## - PUBLICACIÓN, DISTRIBUCIÓN, ETC.
Lugar de publicación, distribución, etc. Granada :
Nombre del editor, distribuidor, etc. [s.n.],
Fecha de publicación, distribución, etc. 1882 (
Fabricante Impr. y Lib. de José López Guevara)
300 ## - DESCRIPCIÓN FÍSICA
Extensión 38 p. ;
Dimensiones 21 cm.
594 ## - Nota al título y mención de responsabilidad
Nota al título y mención de responsabilidad Autor tomado de anotación manuscrita en la cubierta.
852 ## - LOCALIZACIÓN
Ubicación ES-MaACL
Número de control de estantería T-715-F-8
Nota libre .- Dedicatoria manuscrita del autor a Gustavo Saenz Diez
Holdings
Estatus retirado Estado de pérdida Estado de daño No para préstamo Colección Biblioteca de origen Biblioteca actual Ubicación en estantería Fecha de adquisición Fuente de adquisición Total de préstamos Signatura topográfica completa Código de barras Visto por última vez Precio de reemplazo Tipo de ítem Koha
        Colección de folletos Biblioteca del Ateneo de Madrid Biblioteca del Ateneo de Madrid Depósito folletos 17/01/2008     T-715-F-8 1023060 23/02/2023 23/02/2023 Folleto